000 00612nam a2200205Ia 4500
003 GCL
008 140319s9999 xx 000 0 ara d
040 _aGCL /
_cGCL
082 0 4 _a272.21
_bا ف
100 1 _aمحمد الجورا
245 1 0 _aفى البداية تفسير جديد لسفر التكوين /
_cمحمد الجورا
700 1 _aارمسترونغ ، كارين
260 _a[S.N] :
_bد. ن
300 _a175 ص ؛
_c20 سم
650 0 4 _aالانجيل
650 0 4 _aالكتب السماوية
650 0 4 _aسفر التكوين
650 0 4 _aالمسيحية
942 _2ddc
_cBK
999 _c8081
_d8081